00544 2200181 4500245005700000020001800057250000900075100001400084700002100098650004300119005001900162260003700181041001400218084000800232300002800240500008500268336000900353 aKara Ben Nemsi I , Menjelajah GuruncMay, KarlhText a979-97376-4-8 a2005 aMay, Karl aMichael Michalak aFiksi Inggris (dalam Bahasa Indonesia) a20230109142611 aCiputatbPustaka Primatamac2005 aIndonesia a823 axii, 438 hlm. :c21 cm. aJudul asli : Oriental Odyssey I In the Shadow of the Padishah Through the Desert atext